000 00871nas a2200289 4500
001 BR0402618
003 BR-BrBNA
005 20231205104539.0
007 ta
008 230509b bl.|||p| |||| 00| 00por d
040 _aBR-BrBNA
_bpor
_cBiblioteca Nacional de Agricultura
041 _a(Pt)
072 _aQ04
100 1 _aPereira, N.E.
100 1 _aCardoso, M. das G.
100 1 _aAzevedo, S.M. de
100 1 _aMorais, A.R. de
100 1 _aFernandes, W.
100 1 _aAguiar, P.M.
245 1 _aCompostos secundários em cachaças produzidas no Estado de Minas Gerais
650 _aCACHAÇA
650 _aPROPRIEDADE FÍSICO-QUÍMICA
650 _aMINAS GERAIS
773 0 _tCiência e Agrotecnologia (Brazil)
_xISSN 1413-7054
_g(Sep-Oct 2003), v. 27(5) p. 1068-1075
_wBR0402618
909 _a202311
_bLúcia
_c55
_dLúcia Elande
942 _2AGRIS
_n0
_cANA
999 _c178651
_d178651